[Event "MTN-ch"]
[Site "Nouakchott"]
[Date "2019.04.02"]
[Round "7"]
[White "Nocha, Sidahmed"]
[Black "Abderrahim Taleb, Mohamed"]
[Result "0-1"]
[WhiteElo "1773"]
[BlackElo "1726"]
[PlyCount "144"]
[EventDate "2019.03.29"]
[EventType "tourn"]
[EventRounds "9"]
[EventCountry "MAU"]
[SourceTitle "CBM 190 Extra"]
[Source "ChessBase"]
[SourceDate "2019.07.15"]
[SourceVersion "1"]
[SourceVersionDate "2019.07.15"]
[SourceQuality "1"]

1. e4 Nf6 2. e5 Nd5 3. d4 d6 4. Nf3 Nc6 5. c4 Nb6 6. exd6 cxd6 7. d5 Ne5 8. Nxe5 dxe5 9. Nc3 e6 10. Be3 exd5 11. cxd5 Be7 12. Bd3 0-0 13. Qh5 f5 14. Bc2 Nc4 15. Bb3 Nd6 16. 0-0 f4 17. Bc5 Bf5 18. Qe2 Rc8 19. Ba3 Nf7 20. d6 Bf6 21. d7 Qxd7 22. Bxf8 Kxf8 23. Rfd1 Qc6 24. Nb5 Ng5 25. Nxa7 f3 26. Qd2 Qe8 27. Qd6+ Be7 28. Qxe5 Qg6 29. Qg3 Rc5 30. Rd5 Rxd5 31. Bxd5 Bd6 32. Qh4 Nh3+ 33. Kf1 Qxg2+ 34. Ke1 Be7 35. Qg3 Qh1+ 36. Kd2 Bb4+ 37. Ke3 Bc5+ 38. Kd2 Bb4+ 39. Ke3 Qxa1 40. Qb8+ Ke7 41. Qe5+ Kd8 42. Qb8+ Ke7 43. Qxb7+ Kf6 44. Qf7+ Kg5 45. Qxg7+ Bg6 46. Qd4 Qe1+ 47. Kxf3 Bh5+ 48. Kg3 Qg1+ 49. Bg2 Qxf2+ 50. Qxf2 Nxf2 51. Kxf2 Bc5+ 52. Kg3 Bxa7 53. b4 Be8 54. Bd5 Bd4 55. Bb3 Be5+ 56. Kh3 Bd6 57. a3 Bb5 58. Kg2 h5 59. a4 Bc6+ 60. Kh3 Bxb4 61. Bd1 h4 62. Be2 Bxa4 63. Bf3 Bc2 64. Ba8 Bc5 65. Kg2 Bb6 66. h3 Kf4 67. Kh1 Kg3 68. Bc6 Kxh3 69. Ba8 Kg3 70. Bd5 Bd3 71. Ba8 h3 72. Bc6 Bf1 0-1

[Event "MTN-ch"]
[Site "Nouakchott"]
[Date "2016.12.25"]
[Round "3"]
[White "Oubeid, Beder"]
[Black "Nocha, Sidahmed"]
[Result "1-0"]
[WhiteElo "1829"]
[BlackElo "1829"]
[PlyCount "83"]
[EventDate "2016.12.23"]
[EventType "tourn"]
[EventRounds "9"]
[EventCountry "MAU"]
[SourceTitle "CBM 176 Extra"]
[Source "ChessBase"]
[SourceDate "2017.03.02"]
[SourceVersion "1"]
[SourceVersionDate "2017.03.02"]
[SourceQuality "1"]

1. d4 c6 2. c4 Nf6 3. Nc3 d5 4. Nf3 Bf5 5. Bf4 e6 6. a3 Be7 7. e3 0-0 8. Bd3 Bxd3 9. Qxd3 Nbd7 10. c5 b6 11. b4 bxc5 12. bxc5 Qa5 13. 0-0 Nh5 14. Bg5 Qd8 15. Bxe7 Qxe7 16. e4 Nf4 17. Qe3 Qf6 18. g3 Ng6 19. h4 Rfb8 20. Rab1 Qd8 21. h5 Ngf8 22. e5 h6 23. g4 Nh7 24. Rb4 a5 25. Rbb1 a4 26. Rb4 Rxb4 27. axb4 a3 28. Na2 Qb8 29. Rb1 Qb5 30. Rb3 Qa4 31. Ne1 Qb5 32. Nc2 Ng5 33. f3 f6 34. Nxa3 Qa4 35. exf6 Rf8 36. f4 Ne4 37. fxg7 Rf7 38. g5 hxg5 39. fxg5 Nxg5 40. h6 Rf3 41. Qxg5 Nf6 42. Rxf3 1-0

[Event "MTN-ch"]
[Site "Nouakchott"]
[Date "2015.12.20"]
[Round "2"]
[White "Kar, El Moustapha"]
[Black "Nocha, Sidahmed"]
[Result "1-0"]
[WhiteElo "1912"]
[BlackElo "1794"]
[PlyCount "83"]
[EventDate "2015.12.19"]
[EventType "swiss"]
[EventRounds "9"]
[EventCountry "MAU"]
[SourceTitle "EXT 2018"]
[Source "ChessBase"]
[SourceDate "2017.10.13"]
[SourceVersion "1"]
[SourceVersionDate "2017.10.13"]
[SourceQuality "1"]

1. e4 e5 2. Nf3 Nc6 3. Bc4 Bc5 4. 0-0 Nf6 5. Re1 0-0 6. c3 d6 7. h3 Be6 8. Bb3 Bxb3 9. axb3 Re8 10. d3 d5 11. b4 dxe4 12. bxc5 exf3 13. Qxf3 Qd5 14. Qxd5 Nxd5 15. Na3 a6 16. Nc4 f6 17. Be3 Rad8 18. Rad1 Rd7 19. Kf1 Red8 20. Ke2 Nce7 21. Na5 c6 22. Nc4 Ng6 23. g3 Nf8 24. b4 Ne6 25. Kd2 Nec7 26. Kc2 Ne6 27. Bc1 Nf8 28. Be3 Ng6 29. Bc1 Nge7 30. Be3 Nf5 31. Bc1 Kf7 32. Bb2 g5 33. Bc1 Kg6 34. Rg1 h5 35. f4 Re7 36. fxg5 fxg5 37. g4 hxg4 38. Rxg4 Nf4 39. Nxe5+ Rxe5 40. Bxf4 Ne3+ 41. Bxe3 Rxe3 42. h4 1-0

[Event "MTN-ch"]
[Site "Nouakchott"]
[Date "2014.12.29"]
[Round "5"]
[White "Boydia, Sidi"]
[Black "Nocha, Sidahmed"]
[Result "1/2-1/2"]
[WhiteElo "2084"]
[BlackElo "1794"]
[PlyCount "151"]
[EventDate "2014.12.27"]
[EventType "swiss"]
[EventRounds "11"]
[EventCountry "MAU"]
[SourceTitle "CBM 164 Extra"]
[Source "ChessBase"]
[SourceDate "2015.03.02"]
[SourceVersion "1"]
[SourceVersionDate "2015.03.02"]
[SourceQuality "1"]

1. e4 e5 2. Bc4 Nf6 3. d4 exd4 4. Qxd4 Nc6 5. Qe3 b6 6. c3 Bc5 7. Qe2 0-0 8. b4 Bd6 9. f3 a5 10. b5 Ne5 11. Bb3 Bb7 12. Bg5 h6 13. Bh4 Ng6 14. Bg3 Re8 15. Nd2 Bxg3+ 16. hxg3 d5 17. 0-0-0 Qe7 18. Kb2 Qc5 19. Bc2 c6 20. Nb3 Qxb5 21. Bd3 Qa4 22. Nd4 Ba6 23. Bxa6 Rxa6 24. Nh3 Raa8 25. Nf5 dxe4 26. Rd4 Qb5+ 27. Qxb5 cxb5 28. Nd6 Re5 29. fxe4 Ng4 30. Nf4 Ne7 31. Nd3 Rg5 32. Rf1 f6 33. Nf4 Ne3 34. Rf3 Ng4 35. Ne6 Re5 36. Nc7 Rd8 37. Ncxb5 Nc6 38. Rf4 Rg5 39. Rd5 Nce5 40. Nf5 Rxd5 41. exd5 Nd3+ 42. Kb3 Nxf4 43. Ne7+ Kf7 44. gxf4 Rh5 45. Nc8 Rxd5 46. c4 Rd2 47. Nxb6 Rxg2 48. c5 Rg3+ 49. Ka4 Ne3 50. c6 Nf5 51. Nd5 Ne7 52. Nd6+ Ke6 53. Nxe7 Rc3 54. Nb5 Rc4+ 55. Kxa5 Kxe7 56. Kb6 h5 57. Nc7 h4 58. Nd5+ Kd6 59. Ne3 Rxc6+ 60. Kb5 Rc3 61. Nf5+ Ke6 62. Nxh4 Ra3 63. Kc4 Rxa2 64. Kd4 Re2 65. Kd3 Re1 66. f5+ Kf7 67. Ng6 Re8 68. Nh4 Kg8 69. Kd4 Re5 70. Ng6 Kh7 71. Nxe5 fxe5+ 72. Kxe5 Kh6 73. Kf4 Kh5 74. Ke5 Kg5 75. Ke6 Kf4 76. Kf7 1/2-1/2

[Event "MTN-ch"]
[Site "Nouakchott"]
[Date "2014.12.27"]
[Round "2"]
[White "Sabar, Ethmane Daouda"]
[Black "Nocha, Sidahmed"]
[Result "0-1"]
[WhiteElo "1967"]
[BlackElo "1794"]
[PlyCount "118"]
[EventDate "2014.12.27"]
[EventType "swiss"]
[EventRounds "11"]
[EventCountry "MAU"]
[SourceTitle "CBM 164 Extra"]
[Source "ChessBase"]
[SourceDate "2015.03.02"]
[SourceVersion "1"]
[SourceVersionDate "2015.03.02"]
[SourceQuality "1"]

1. d4 Nf6 2. c4 e5 3. dxe5 Ng4 4. Nf3 Bc5 5. e3 Nc6 6. Nc3 Ngxe5 7. Nxe5 Nxe5 8. b3 d6 9. Be2 Bf5 10. 0-0 0-0 11. Na4 Bb6 12. Nxb6 axb6 13. Bb2 Qe7 14. Qd4 Qf6 15. Kh1 Nd7 16. Qd2 Qg6 17. Qd4 Ra5 18. Bc3 Ra7 19. g4 Be4+ 20. f3 Bc6 21. h3 Rfa8 22. a4 Qg5 23. Bd3 Re8 24. Rae1 Qe5 25. Kg2 Nc5 26. Bc2 Raa8 27. h4 f6 28. Qd2 Qe6 29. Kg3 Rad8 30. e4 Nd7 31. f4 Nc5 32. f5 Qe7 33. Rf4 Nd7 34. b4 Ne5 35. b5 Bd7 36. Bb3 Kh8 37. h5 h6 38. Rff1 Qf7 39. Qd5 Qxd5 40. exd5 Nf7 41. Rxe8+ Rxe8 42. Re1 Ne5 43. a5 bxa5 44. Bxa5 b6 45. Bc3 Ra8 46. Ra1 Rxa1 47. Bxa1 Nd3 48. Bd4 Nc5 49. Bxc5 bxc5 50. Kf4 Kg8 51. Ke3 Kf7 52. Kd3 Ke8 53. Bc2 Kd8 54. Kc3 Kc8 55. Kb3 Kb7 56. g5 hxg5 57. Kc3 Kb6 58. Kd2 Ka5 59. Ke3 Kb4 0-1

[Event "Nouakchott op 4th"]
[Site "Nouakchott"]
[Date "2012.10.19"]
[Round "2"]
[White "Nocha, Sidahmed"]
[Black "Bani, Chadad"]
[Result "0-1"]
[WhiteElo "1852"]
[BlackElo "1544"]
[PlyCount "76"]
[EventDate "2012.10.18"]
[EventType "swiss"]
[EventRounds "7"]
[EventCountry "MAU"]
[SourceTitle "EXT 2014"]
[Source "ChessBase"]
[SourceDate "2013.11.20"]
[SourceVersion "1"]
[SourceVersionDate "2013.11.20"]
[SourceQuality "1"]

1. e4 c6 2. d4 d5 3. Nd2 Nf6 4. e5 Ne4 5. Nxe4 dxe4 6. Bc4 Bf5 7. Ne2 e6 8. c3 Nd7 9. Ng3 Be7 10. Qe2 a5 11. Nxe4 a4 12. Ng3 Bg6 13. a3 Nb6 14. Bd3 Qd5 15. f4 Bxd3 16. Qxd3 Qxg2 17. Qe4 Qh3 18. Be3 Nc4 19. 0-0-0 h5 20. Bd2 g6 21. Rdf1 Ra6 22. Qd3 Nxa3 23. bxa3 h4 24. Qf3 Bxa3+ 25. Kc2 hxg3 26. hxg3 Qf5+ 27. Qd3 Rxh1 28. Rxh1 Rb6 29. Qxf5 gxf5 30. Ra1 Rb3 31. Bc1 Bxc1 32. Rxc1 b5 33. g4 b4 34. cxb4 fxg4 35. Rg1 g3 36. Ra1 Rxb4 37. Kc3 Rb3+ 38. Kc2 g2 0-1

[Event "Nouakchott op 3rd"]
[Site "Nouakchott"]
[Date "2012.09.29"]
[Round "7"]
[White "Nocha, Sidahmed"]
[Black "Kar, El Moustapha"]
[Result "0-1"]
[WhiteElo "1852"]
[BlackElo "1954"]
[PlyCount "68"]
[EventDate "2012.09.27"]
[EventType "swiss"]
[EventRounds "7"]
[EventCountry "MAU"]
[SourceTitle "EXT 2014"]
[Source "ChessBase"]
[SourceDate "2013.11.20"]
[SourceVersion "1"]
[SourceVersionDate "2013.11.20"]
[SourceQuality "1"]

1. e4 c5 2. Nf3 Nc6 3. d4 cxd4 4. Nxd4 d6 5. Bc4 Nf6 6. Nc3 e6 7. Be3 a6 8. 0-0 Be7 9. f4 Qc7 10. Bb3 Na5 11. h3 Bd7 12. f5 Nc4 13. Bc1 b5 14. fxe6 fxe6 15. Qd3 Qc5 16. Bxc4 bxc4 17. Qe3 Rb8 18. Rb1 0-0 19. Bd2 h6 20. b3 Nh7 21. Rxf8+ Nxf8 22. Nf3 Qc7 23. Rf1 d5 24. Qf4 Bd6 25. e5 Bc5+ 26. Kh1 cxb3 27. cxb3 Ng6 28. Qg3 Kh7 29. Ne2 Rf8 30. Rc1 Qa7 31. Nf4 Nxf4 32. Bxf4 Rxf4 33. Nh4 Rxh4 34. Qxh4 Bf2 0-1